| 000 | nam a22 7a 4500 | ||
|---|---|---|---|
| 999 |
_c129411 _d129411 |
||
| 008 | 190423b xxu||||| |||| 00| 0 eng d | ||
| 050 | _aBT101.P12 | ||
| 245 |
_aThe proofs for the existence of God _bin light of modern natural science _cNational Catholic Welfare Conference |
||
| 260 |
_aWashington D.C. _bNational Catholic Welfare Conference _c1951 |
||
| 300 |
_a18p. ; _c20cm. |
||
| 942 |
_2lcc _cMONOGRAPH |
||